|
|
|
|
| LEADER |
00000nab a2200000ua 4500 |
| 001 |
vtls010748265 |
| 003 |
SK-MaSNL |
| 005 |
20260304203430.0 |
| 008 |
250718s1954 xo |||||||||||||||||slo| |
| 035 |
|
|
|a (urnnbn)urn:nbn:sk:snk:ar-a03odm
|
| 035 |
|
|
|a (uuid)b924a2cb-a77e-43c2-9d65-b203fec98a3d
|
| 035 |
|
|
|a urn:nbn:sk:snk-ab5dz8
|
| 040 |
|
|
|a SNKBUCL
|b slo
|c SNKBUCL
|e AACR2
|
| 041 |
0 |
|
|a slo
|
| 044 |
|
|
|a xo
|c SK
|
| 100 |
1 |
|
|a Šalaginov, V.
|4 aut
|9 1534705
|
| 245 |
1 |
0 |
|a Sudca
|c V. Šalaginov
|
| 773 |
0 |
|
|t Sudca z ľudu : právo a život
|g Roč. 6, č. 10 (1954), s. [160a]
|
| 850 |
|
|
|a Slovenská národná knižnica
|
| 852 |
|
|
|a Slovenská národná knižnica
|
| 954 |
|
|
|a odborná, vedecká literatúra pôvodná (slovenská)
|2 lita
|
| 958 |
|
|
|a article3
|
| 958 |
|
|
|a OND
|
| 958 |
|
|
|a EUIPO
|
| 999 |
|
|
|c 3109727
|d 3111657
|